Introducción a las finanzas / (Record no. 152839)

MARC details
000 -LEADER
fixed length control field 00862cam a2200205 4500
005 - DATE AND TIME OF LATEST TRANSACTION
control field 20200117121939.0
008 - FIXED-LENGTH DATA ELEMENTS--GENERAL INFORMATION
fixed length control field 030317t2000 mx a gr 000 0 spa u
020 ## - INTERNATIONAL STANDARD BOOK NUMBER
International Standard Book Number 9684445059
050 00 - LIBRARY OF CONGRESS CALL NUMBER
Classification number HG152
Item number D53 2000
100 1# - MAIN ENTRY--PERSONAL NAME
Personal name Díaz de la O, Francisco Alejandro
245 00 - TITLE STATEMENT
Title Introducción a las finanzas /
Statement of responsibility, etc realización del sistema tutelar : Patricia Treviño Pérez Tello ; realización del libro : Francisco Alejandro Díaz de la O ; asesoría : Ma. Fernanda Gómez Albert.
250 ## - EDITION STATEMENT
Edition statement 1a ed.
260 ## - PUBLICATION, DISTRIBUTION, ETC. (IMPRINT)
Place of publication, distribution, etc México :
Name of publisher, distributor, etc ITAM ; Pearson Educación ,
Date of publication, distribution, etc 2000
300 ## - PHYSICAL DESCRIPTION
Extent xxviii, 151 p. :
Other physical details ils. ;
Dimensions 27 cm. + 1 CD.
500 ## - GENERAL NOTE
General note Fomes 2001
500 ## - GENERAL NOTE
General note En la portada: Sistemas tutoriales : Educación asistida por computadora
504 ## - BIBLIOGRAPHY, ETC. NOTE
Bibliography, etc Incluye bibliografía
650 10 - SUBJECT ADDED ENTRY--TOPICAL TERM
Topical term or geographic name as entry element Finanza
700 1# - ADDED ENTRY--PERSONAL NAME
Personal name Treviño pérez Tello, Patricia, coaut.
700 1# - ADDED ENTRY--PERSONAL NAME
Personal name Gómez Albert, Ma. Fernanda, asesor.
942 ## - ADDED ENTRY ELEMENTS (KOHA)
Source of classification or shelving scheme Biblioteca del Cogreso de los Estados Unidos
Koha item type Libro
Holdings
Estado de pérdida Fuente de clasificación Estado del daño No para préstamo Ubicación permanente Ubicación actual Apartado o colección Fecha de adquisición Fuente de adquisición Edición Dependencia de educación superior (DES) Área del conocimiento Clasificación Código de Barras Date last seen Número de copia Costo por reposición Tipo de recurso
  Biblioteca del Cogreso de los Estados Unidos   Consulta Biblioteca de la Facultad de Ingeniería en Tecnología de la Madera Biblioteca de la Facultad de Ingeniería en Tecnología de la Madera General 17/01/2020 FOMES 2001 1a ed. Ingeniería y Arquitectura Ciencias Sociales y Administrativas HG152 D53 2000 BTM000000601 17/01/2020 1 1.00 Libro
  Biblioteca del Cogreso de los Estados Unidos     Biblioteca de la Facultad de Ingeniería en Tecnología de la Madera Biblioteca de la Facultad de Ingeniería en Tecnología de la Madera General 17/01/2020 FOMES 2001 1a ed. Ingeniería y Arquitectura Ciencias Sociales y Administrativas HG152 D53 2000 BTM000000602 17/01/2020 2 1.00 Libro